000 01025nam a2200265 a 4500
001 BRCA_8368
005 20190320210242.0
008 300714s1941----mx-a###f##---#001-0#spa-#
041 _aspa
044 _amx
050 4 _aN8023
_b.G3 1941
100 1 _aGarcía Granados, Rafael
_910174
245 1 0 _aSillería del coro de la antigua iglesia de San Agustín
_cestudio e introducción de Rafael García Granados.
260 _aMéxico
_bUNAM, Instituto de Investigaciones Estéticas
_c1941
300 _a2 v.
_bil., 70 láminas, grabados, planos
_c36 cm.
500 _aDos ejemplares consecutivos inventariados como un solo libro por el Banco de México
500 _aIncluye índice de ilustraciones
500 _aR106
505 0 _av.1 Planta y alzado del salón ´El Generalito´.-- v.2 Tablilla del coro
610 2 4 _aIglesia de San Agustín
_vArquitectura colonial
_zCiudad de México
_920969
650 1 4 _aSillerías del coro
_910208
650 1 4 _aArquitectura religiosa
_94011
902 _aGFM
942 _2lcc
_cB
999 _c8036
_d8036